Tilastot visalle Kuusi lähintä maata - San Marino

Klikkaa tästä pelataksesi tätä visaa!

Yleistilastot

  • Tätä visaa on pelattu 20 kertaa
  • Keskiarvotulos 4 / 6

Vastaustilastot

kmmaa% Oikein
0Italia
100%
221Vatikaanivaltio
92%
186Slovenia
85%
259Ranska
54%
141Kroatia
38%
271Bosnia ja
Hertsegovina
15%

Tulosjakauma

Persentiili vastausten määrän mukaan

Jokaisen tuloksen saaneiden osuus

Tuloshistoriasi

Et ole pelannut tätä visaa